Pracovní a životní podmínky žen ve vnitřním obchode

Saved in:
Bibliographic Details
Main Author: Neufussová, Ludmila
Other Authors: Dušková, Jana
Format: Book
Language:Czech
Published: Praha Výzkumný ústav obchodu 1987
Tags: Add Tag
No Tags, Be the first to tag this record!

MARC

LEADER 00000nam a2200000 4500
001 c040341
005 20251110134657.5
041 0 |a cze 
044 |a CZ 
245 1 0 |a Pracovní a životní podmínky žen ve vnitřním obchode  |c Ludmila Neufussová, Jana Dušková 
264 1 |a Praha  |b Výzkumný ústav obchodu  |c 1987 
300 |a 39 s. 
100 1 |a Neufussová, Ludmila 
700 1 |a Dušková, Jana